000 00353nam a2200157Ia 4500
008 221030s9999 xx 000 0 und d
020 _a8121902388
041 _aEnglish
082 _a105.23
_bMat
100 _aD. S. Mathur
245 0 _aMechanics
260 _bS.Chand & Co.
_aNew Delhi
_c1988
300 _a818
650 _aMechanical
942 _cBK
999 _c1046
_d1046